000 00755nam a22002057a 4500
999 _c10859
_d10859
003 AR-CdUCM
008 190311b ||||| |||| 00| 0 spa d
040 _aMUNICIPALIDAD PROVINCIAL DEL CUSCO
_cBIBLIOTECA MUNICIPAL DEL CUSCO
082 _a902 /
_bC81 / 1938
_22ed.
100 _aCottrell, Roy Franklin
_914595
245 _aEl amanecer de un nuevo día /
260 _aBuenos Aires :
_bSudamericana,
_c1938.
300 _a320 páginas ;
_bfotografías.
_c22 cm.
505 _aContenido: Maravillas de la ciencia y la invención -- Fortunas fabulosas -- La paloma de la paz y los nubarrones de guerra ...
650 _aPensamiento crítico
_914596
650 _aDesarrollo
_92021
650 _aEvolución
_97012
942 _2ddc
_cLIBROS
945 _aacv